The noble scholar, jurist, historian


 His Excellency Dr. Abdul Wahhab bin Ibrahim Abu Sulaiman, may Allah have mercy on him.


 He was born in Umm Al-Qura in the year 1356 AH.

الحركة العلمية والثقافية والإصلاحية في السودان الغربي من 400 هـ. إلى 1100 هـ. في عهد الممالك الإسلامية غانا مالي سنغاي التي قامت في غرب إفريقيا بين القرن الرابع الهجري والحادي عشر هجري / (Record no. 11958)

MARC details
000 -LEADER
fixed length control field 01476cam a2200289 i 4500
003 - CONTROL NUMBER IDENTIFIER
control field SA-RiAUC
005 - DATE AND TIME OF LATEST TRANSACTION
control field 20250922050932.0
008 - FIXED-LENGTH DATA ELEMENTS--GENERAL INFORMATION
fixed length control field 250918s1997 su g 00010 ara c
040 ## - CATALOGING SOURCE
Original cataloging agency SA-JeALM
Language of cataloging ara
Transcribing agency SA-RiAUC
Description conventions rda
043 ## - GEOGRAPHIC AREA CODE
Geographic area code f-sj---
-- f-gh---
-- f-ml---
-- f-sg---
-- fw-----
082 04 - DEWEY DECIMAL CLASSIFICATION NUMBER
Classification number 966.0902
Assigning agency SA-RiAUC
090 ## - LOCALLY ASSIGNED LC-TYPE CALL NUMBER (OCLC); LOCAL CALL NUMBER (RLIN)
Classification number (OCLC) (R) ; Classification number, CALL (RLIN) (NR) 966.0902
Local cutter number (OCLC) ; Book number/undivided call number, CALL (RLIN) م ي ق
100 1# - MAIN ENTRY--PERSONAL NAME
Personal name ميقا، أبو بكر إسماعيل محمد،
Dates associated with a name 1355 هجري-
Relator term مؤلف.
245 12 - TITLE STATEMENT
Title الحركة العلمية والثقافية والإصلاحية في السودان الغربي من 400 هـ. إلى 1100 هـ. في عهد الممالك الإسلامية غانا مالي سنغاي التي قامت في غرب إفريقيا بين القرن الرابع الهجري والحادي عشر هجري /
Statement of responsibility, etc. تأليف أبو بكر إسماعيل ميقا.
250 ## - EDITION STATEMENT
Edition statement الطبعة الأولى.
264 #1 - PRODUCTION, PUBLICATION, DISTRIBUTION, MANUFACTURE, AND COPYRIGHT NOTICE
Place of production, publication, distribution, manufacture الرياض :
Name of producer, publisher, distributor, manufacturer مكتبة التوبة،
Date of production, publication, distribution, manufacture, or copyright notice 1997.
300 ## - PHYSICAL DESCRIPTION
Extent 311 صفحة ؛
Dimensions 24 سم
336 ## - CONTENT TYPE
Content type term نص
Content type code txt
Source rdacontent
Materials specified كتاب
337 ## - MEDIA TYPE
Media type term بدون وسيط
Media type code n
Source rdamedia
338 ## - CARRIER TYPE
Carrier type term مجلد
Carrier type code nc
Source rdacarrier
650 #7 - SUBJECT ADDED ENTRY--TOPICAL TERM
Topical term or geographic name entry element التعليم الديني الإسلامي
Geographic subdivision السودان
Source of heading or term aucsh
650 #7 - SUBJECT ADDED ENTRY--TOPICAL TERM
Topical term or geographic name entry element الثقافة الإسلامية
Geographic subdivision السودان
Source of heading or term aucsh
650 #7 - SUBJECT ADDED ENTRY--TOPICAL TERM
Topical term or geographic name entry element الحضارة الإسلامية
Geographic subdivision السودان
Source of heading or term aucsh
651 #7 - SUBJECT ADDED ENTRY--GEOGRAPHIC NAME
Geographic name غرب إفريقيا
General subdivision تاريخ
Source of heading or term aucsh
942 ## - ADDED ENTRY ELEMENTS (KOHA)
Source of classification or shelving scheme Dewey Decimal Classification
Koha item type Books
Suppress in OPAC No
949 ## - LOCAL PROCESSING INFORMATION (OCLC)
a SA-JeALM
d 250918
u osman123
n 1
Holdings
Withdrawn status Lost status Source of classification or shelving scheme Damaged status Not for loan Home library Current library Date acquired Total checkouts Full call number Barcode Date last seen Price effective from Koha item type
    Dewey Decimal Classification     DR AbdElwahab Library DR AbdElwahab Library 09/22/2025   966.0902 م ي ق 000019257 09/22/2025 09/22/2025 Books